000
00243nam a22000977a 4500
999
_c
5092
_d
5092
008
161228b xxu||||| |||| 00| 0 eng d
020
_a
9788184091700
100
_9
2204
_a
Sen.S
245
_a
Computer Science-6
260
_a
New Delhi
_b
Frank Book
_c
2010